000 00338nam a2200145 i 4500
001 bg
100 1 _aHOFFMANN, Kurt
245 0 _aStahltreppen /
_cKurt Hoffmann, Helge Griese.
260 _aStuttgart,
_c1969.
700 1 _aGRIESE, Helge
040 _cBPK
041 _apol
942 _cKS
008 s pl f |000 0 pol
999 _c13773
_d13773
856 _uhttp://koha.tu.koszalin.pl/cgi-bin/koha/opac-detail.pl?biblionumber=13773
_yKatalog online BPK